000 00494pab a2200181 454500
008 180718b2013 xxu||||| |||| 00| 0 eng d
100 _aYe, Fangzhi
245 _aDeterminants of land finance in China: Study based on provincial-level panel data
260 _c2013
300 _ap.293-303.
362 _aSep
650 _aLand values - China
650 _aLand values
700 _aWang, Wen
773 _aAustralian Journal of Public Administration
908 _aN
909 _a103299
999 _c103295
_d103295